000 01633nam a2200493 i 4500
001 31330
003 KOSZ 005
005 20200207141136.0
008 980713s1997 pl a f f |000 0 pol
015 _aPB 1997/8079
020 _a8320810558
035 _a991004925709705066
035 _a(PL-WaBN)b11295272-48omnis_nlop
035 _ab11295272
035 _a(OCoLC)749619044
035 _a(PL)b0000001129527
035 _a(EXLNZ-48OMNIS_NETWORK)9910523317605606
040 _aWA N
_cWA N
_dKOSZ 005/HR
046 _k1997
080 _a331.106
080 _a005.574
080 _a(075.8)
100 1 _aBorkowska, Stanisława
_d(1939- )
_eAutor
245 1 0 _aNegocjacje zbiorowe /
_cStanisława Borkowska.
260 _aWarszawa :
_bPolskie Wydaw. Ekonomiczne,
_c1997.
300 _a282, [2] s. :
_bwykr. ;
_c21 cm.
336 _2rdacontent
_aTekst
_btxt
337 _2rdamedia
_aBez urządzenia pośredniczącego
_bn
380 _aKsiążki
380 _aPublikacje dydaktyczne
385 _mPoziom nauczania
_aSzkoły wyższe
388 _a1901-2000
388 _a1989-2000
504 _aBibliogr. s. 227-[283], wykaz regulacji prawnych s. 273-276.
650 7 _aNegocjacje
_2DBN
650 7 _aUkład zbiorowy pracy
_2DBN
655 7 _aPodręczniki akademickie
_2DBN
658 _aGospodarka, ekonomia, finanse
658 _aZarządzanie i marketing
710 2 _aPolskie Wydawnictwo Ekonomiczne
_4pbl
856 _uhttp://koha.tu.koszalin.pl/cgi-bin/koha/opac-detail.pl?biblionumber=31330
_yKatalog online BPK
942 _2UKD
_cKS
999 _c31330
_d31330